Polská vojvodství podle mapy - Statistics

General Stats
  • This quiz has been taken 111 times
  • The average score is 8 of 16
Answers on the Map
Answers color-coded by a green-red scale on the quiz's map according to % correct below.
 
Answer Stats
Answer % Correct
Pomořské
73%
Dolnoslezské
63%
Podkarpatské
63%
Opolskie
56%
Slezské
56%
Západopomořanské
54%
Lodžské
50%
Malopolské
50%
Varmijsko-mazurské
50%
Velkopolské
50%
Lubušské
48%
Lublinské
46%
Podleské
46%
Svatokřížské
46%
Kujavsko-pomořské
44%
Mazovské
44%
No matching quizzes found
Score Distribution
Percent of People with Each Score
Percentile by Number Answered
Your Score History
You have not taken this quiz